000 00528nam a2200181Ia 4500
008 151213s9999 xx 000 0 und d
020 _a0-256-092-37-0
082 _a510
_b510
100 _aGordon D. Prichett/ John C. Saber
245 _aMathematics With Applications in Management & Economics
_cGordon D. Prichett/ John C. Saber
250 _a7th
260 _aSydney
_bIRWIN
_c2003
300 _a11385 p.
650 _aMathematics
650 _aMathematics
700 _aGordon D. Prichett/ John C. Saber
999 _c5001
_d5001